000 00946nam a2200289Ia 4500
003 OSt
005 20220912144922.0
006 a|||||r|||| 00| 0
007 ta
008 220909b |||||||| |||| 00| 0 eng d
020 _a9783642008283 (hbd)
024 _a113685
037 _b2067, 22/11/2010, Educational Book Agency (India)
037 _cTextbook
040 _aCSL
_beng
_cCSL
041 _aeng
082 _aC9B3:f3, Q0 TC
100 _aTavernier Stefaan
245 0 _aExperimental techniques in nuclear and particle physics
260 _aBerlin
_bSpringer
_c2010
300 _aix, 306p.
_ccm.
500 _aIncludes bibliographical references.; Appendices 1-6, 271-302p.; Index 303-306p.
650 _a Nuclear and particle physics
650 _aPhysics
942 _hC9B3:f3, Q0 TC
_cTB
_2CC
999 _c19000
_d19000